| 000 | 00492nam a2200145Ia 4500 | ||
|---|---|---|---|
| 008 | 220216s9999 xx 000 0 und d | ||
| 100 | _aPremakumari D. | ||
| 245 | 4 | _aThe Para rubber tree | |
| 260 |
_bIn: Natural rubber: Agromanagement and crop processing. (Eds. P.J. George and C. Kuruvilla Jacob). Rubber Research Institute of India, Kottayam, India, pp. 29-35. _c2000 |
||
| 650 | _aAnatomy | ||
| 650 | _aCytology | ||
| 650 | _aMorphology | ||
| 700 | _aSaraswathyamma C.K. | ||
| 942 | _cBS | ||
| 999 |
_c52766 _d52766 |
||